书目信息 |
| 题名: |
首都社区防疫百人访谈录
|
|
| 作者: | ;北京新冠肺炎疫情防控工作领导小组 , 中共北京市委 组织编写 | |
| 分册: | ||
| 出版信息: | 北京 北京人民出版社 2020 |
|
| 页数: | 317页 | |
| 开本: | 24cm | |
| 丛书名: | ||
| 单 册: | ||
| 中图分类: | I253.7 , R181.8 | |
| 科图分类: | ||
| 主题词: | 访问记--作品集--中国--当代 , 社区管理--疫情管理--北京 | |
| 电子资源: | ||
| ISBN: | 978-7-5300-0501-9 | |
| 000 | 01126nam0 2200253 450 | |
| 001 | 2358220719 | |
| 005 | 20231031104348.20 | |
| 010 | @a978-7-5300-0501-9@dCNY63.00 | |
| 100 | @a20201113d2020 em y0chiy50 ea | |
| 101 | 0 | @achi |
| 102 | @aCN@b110000 | |
| 105 | @aa z 000zy | |
| 200 | 1 | @a首都社区防疫百人访谈录@Ashou du she qu fang yi bai ren fang tan lu@f北京新冠肺炎疫情防控工作领导小组社区防控组, 中共北京市委组织部组织编写 |
| 210 | @a北京@c北京人民出版社@d2020 | |
| 215 | @a317页@c照片@d24cm | |
| 330 | @a本书分“党建引领”“群防群控”“精细治理”“服务群众”4个篇章,采取访谈形式,生动呈现8个多月风雨同舟、众志成城、刻骨铭心的疫情防控经历,充分展示了首都党建引领基层治理的工作成效。 | |
| 606 | 0 | @a访问记@x作品集@y中国@z当代 |
| 606 | 0 | @a社区管理@x疫情管理@y北京 |
| 690 | @aI253.7@v5 | |
| 690 | @aR181.8@v5 | |
| 711 | 02 | @a北京新冠肺炎疫情防控工作领导小组@Abei jing xin guan fei yan yi qing fang kong gong zuo ling dao xiao zu@b社区防控组@4组织编写 |
| 711 | 02 | @a中共北京市委@Azhong gong bei jing shi wei@b组织部@4组织编写 |
| 801 | 0 | @aCN@b大连网信软件有限公司图书馆·11@c20231031 |
| 905 | @aZUCC@dI253.7@e136 | |
| 首都社区防疫百人访谈录/北京新冠肺炎疫情防控工作领导小组社区防控组, 中共北京市委组织部组织编写.-北京:北京人民出版社,2020 |
| 317页:照片;24cm |
| ISBN 978-7-5300-0501-9:CNY63.00 |
| 本书分“党建引领”“群防群控”“精细治理”“服务群众”4个篇章,采取访谈形式,生动呈现8个多月风雨同舟、众志成城、刻骨铭心的疫情防控经历,充分展示了首都党建引领基层治理的工作成效。 |
| ● |
| 相关链接 |
|
|
|
正题名:首都社区防疫百人访谈录
索取号:I253.7/136
 
预约/预借
| 序号 | 登录号 | 条形码 | 馆藏地/架位号 | 状态 | 备注 |
| 1 | 2001030657 | 2001030657 | 第四书库/四40架A面4层4列/ [索取号:I253.7/136] | 在馆 | |
| 2 | 2001030658 | 2001030658 | 第四书库/四40架A面4层4列/ [索取号:I253.7/136] | 在馆 | |
| 3 | 2001030659 | 2001030659 | 第四书库/四40架A面4层4列/ [索取号:I253.7/136] | 在馆 | |
| 4 | 2001030660 | 2001030660 | 第四书库/四40架A面4层4列/ [索取号:I253.7/136] | 在馆 | |
| 5 | 2001030661 | 2001030661 | 第四书库/四40架A面4层4列/ [索取号:I253.7/136] | 在馆 | |
| 6 | 2001030662 | 2001030662 | 第四书库/四40架A面4层4列/ [索取号:I253.7/136] | 在馆 |